Holiday Quiz

Random Holiday or Christmas Quiz

CHRISTMAS WORDS Quiz Stats

 Plays Quiz not verified by Sporcle

Challenge
Share
Tweet
Score 0/10 Timer 03:00
0 Plays Today
Hint Answer % Correct
ERETTREE
97%
WONSSNOW
95.5%
OSTYTOYS
95.5%
OWBBOW
93.9%
SUSEJJESUS
93.9%
ILYMAFFAMILY
90.9%
HWTEI HRCTSIASMWHITE CHRISTMAS
90.9%
WEN SAERYNEW YEARS
86.4%
TNPSEREPRESENT
84.8%
NASAT USALCSANTA CLAUS
81.8%

You're not logged in!

Compare scores with friends on all Sporcle quizzes.
Join for Free
OR
Log In

You Might Also Like...

Show Comments

Extras

Top Quizzes Today


Score Distribution

Your Account Isn't Verified!

In order to create a playlist on Sporcle, you need to verify the email address you used during registration. Go to your Sporcle Settings to finish the process.

Report this User

Report this user for behavior that violates our Community Guidelines.

Details: